| 000 | 00695nam a22002057a 4500 | ||
|---|---|---|---|
| 003 | NUST - PNEC | ||
| 005 | 20170116181159.0 | ||
| 008 | 160201b xxu||||| |||| 00| 0 eng d | ||
| 020 | _a9789332536661 | ||
| 040 | _cLIBRARY | ||
| 082 | _a005.133 GAD | ||
| 100 |
_916184 _aGaddis, Tony |
||
| 245 |
_aStarting out with C++ : From control structures through objects _cTony Gaddis |
||
| 250 | _a7th ed. | ||
| 260 |
_aNew Delhi _bPearson Education _cc.2014 |
||
| 300 | _a1133 p. | ||
| 650 |
_916183 _aComputer programming _xComputer, MIS |
||
| 856 | _uhttp://www.amazon.com/Starting-Out-c-Gaddish/dp/933253666X/ref=sr_1_1?ie=UTF8&qid=1454306063&sr=8-1&keywords=9789332536661 | ||
| 942 |
_2ddc _cBK |
||
| 999 |
_c71346 _d71346 |
||